L'Observatori del mercat de treball de Mataró
Descripción Física:
2 vols. ; taules, gràf. ; periodicitat: trimestral ; 30 cm
MARC
| LEADER | 00000nas a2200000 a 4500 | ||
|---|---|---|---|
| 001 | 28150 | ||
| 003 | AGDB | ||
| 005 | 20260324175400.0 | ||
| 008 | 160829s9999 xx 000 0 cat d | ||
| 040 | |a agdb |b cat | ||
| 245 | |a L'Observatori del mercat de treball de Mataró | ||
| 260 | |a Mataró : |b Institut Municipal de Promoció Econòmica ; |c [1996] - | ||
| 300 | |a 2 vols. ; |b taules, gràf. ; periodicitat: trimestral ; |c 30 cm | ||
| 310 | |a Trimestral | ||
| 362 | |a Any 1, núm. 0 (des. 1996)- | ||
| 500 | |a Descripció basada en: Any VII (1r trimestre 2002). | ||
| 650 | |a Mercat de treball |x Mataró (Catalunya) |x Estadístiques |x Revistes |9 30340 | ||
| 655 | 0 | |9 55823 |a Revistes | |
| 710 | 1 | |a Mataró (Catalunya). |b Ajuntament |9 53904 | |
| 710 | 1 | |a Institut Municipal de Promoció Econòmica (Mataró) |9 71131 | |
| 866 | |a 2002 (25, 27) | ||
| 901 | |a Arxiu | ||
| 942 | |n 1 |2 udc |c REV | ||
| 952 | |0 0 |1 0 |2 udc |4 0 |6 REV2263 |7 1 |9 45387 |a Arxiu |b Arxiu |d 2016-12-01 |h Any VII, 1r trimestre 2002 - 3r trimestre 2002 |o Rev-2263 |p 28150 |r 2016-12-01 00:00:00 |w 2016-12-01 |y ARXIU | ||
| 999 | |c 48472 |d 48472 | ||